00983nam a2200217Ia 4500003000900000008004100009020001800050040001600068080002200084111011600106245024900222260005000471300001600521490003900537650003100576650003200607650003300639700002800672700002400700710004100724IN-BaIIA211028s9999 xx 000 0 eng d a1-56396-664-6 cIIA Library a523.6(082.2)bAST aConference Astrophysical Implications of the Laboratory Study of Pre solar MaterialscUSAd1996 Oct. 31- Nov. 2 0aAstrophysical implications of the laboratory study of presolar materialsbproceedings of the conference held in St.Louis, USA, October 31 to November 2, 1996cedited by T. J. Bernatowicz and Ernst Zinner  aNew YorkbAmerican Institute of Physicsc1997 axiii, 750p. aAIP conference proceedings; v. 402 aAstrophysics -- Congresses aCosmic grains -- Congresses aCosmochemistry -- Congresses aBernatowicz, T. J., ed. aZinner, Ernst., ed. aAmerican Institute of Physics